000 00430nam a2200169 a 4500
001 0000-8992
003 ELIB.Books
008 110520 1949
035 _a(ELIB.Books)0000-9141
082 _a200
_bStu
100 _aStuber, Stanley I.
245 _aTreasury of the Christian Faith
260 _bNew York: Association Press
_c1949
650 _aReligion
942 _2ddc
_cBK
998 _cbat
_e2011-05-20
999 _c8992
_d8992